زوائد الأحزاء المنثورة على الكتب الستة المشهورة / (رقم التسجيلة. 40170)

تفاصيل مارك
000 -الفاتح
عناصر البيانات ثابتة الطول 00705cam a2200181 i 4500
005 - تاريخ ووقت آخر معاملة
حقل ضبط 20251117101346.0
008 - عناصر البيانات ثابتة الطول
عناصر البيانات ثابتة الطول 250721s1995 jo gr 000 0 ara d
082 14 - رقم تصنيف ديوي العشري
رقم التصنيف 213
رقم المادة ع ل و
100 1# - مدخل رئيسي – اسم شخصي
الاسم الشخصي علوش، عبد السلام بن محمد بن عمر
علاقة الشخص بالعمل/ دوره مؤلف.
245 10 - بيان العنوان
العنوان زوائد الأحزاء المنثورة على الكتب الستة المشهورة /
بيان المسؤولية تأليف عبد السلام بن محمدبن عمر علوش.
264 31 - بيانات النشر، التوزيع…إلخ
مكان النشر، التوزيع...إلخ عمان :
اسم الناشر، الموزع...إلخ المكتب الإسلامي،
تاريخ النشر، التوزيع...إلخ 1995.
300 ## - الوصف المادي
عدد الوحدات المكونة للوعاء 937 صفحة.
650 17 - مدخل إضافي بالموضوع - مصطلح موضوعي
مصطلح موضوعي أو اسم جغرافي كعنصر مدخل الإسلام.
650 17 - مدخل إضافي بالموضوع - مصطلح موضوعي
مصطلح موضوعي أو اسم جغرافي كعنصر مدخل الحديث الشريف.
650 17 - مدخل إضافي بالموضوع - مصطلح موضوعي
مصطلح موضوعي أو اسم جغرافي كعنصر مدخل كتب الحديث الستة.
942 ## - بيانات إضافية (كوها)
نوع التنصيف Dewey Decimal Classification
نوع المادة (كوها) مراجع
المقتنيات
حالة السحب حالة الفقدان مصدر التصنيف حالة التلف غير قابل للإعارة المكتبة الرئيسية المكتبة الحالية موقع الرف تاريخ التزويد الرقم المتسلسل Total Checkouts رقم الإستدعاء الباركود تاريخ آخر ظهور تاريخ الفاتورة نوع المادة (كوها)
    Dewey Decimal Classification   Not For Loan المكتبة المركزية المكتبة المركزية مراجع 06/07/2004 399830   م / 213 / ع ل و 399830 28/07/2025 06/07/2004 مراجع
Implemented & Customized by: BBB with SCIT (Smart Chains for Information Technology)

Powered by Koha